000 01652nam a2200337 a 4500
001 000028203
003 DO-SdBNP
005 20260321073641.0
007 ta
008 110407s2010 dr 000 0 spa d
020 _a9945111264
040 _aDO-SdBNP
_bspa
_cBNPHU
082 4 _a355.033573
_bB742p 2010
_222
100 1 _a Bosch, Juan,
_d1909-2001
_976555
245 1 3 _aEl pentagonismo, sustituto del imperialismo /
_cJuan Bosch ; introducción Leonel Fernández ; prólogo Juan Luis Cebrián.
250 _a3a ed.
260 _aMadrid :
_bAguilar,
_c2010.
300 _a230 p. ;
_c22 cm.
500 _aIncluye referencias bibliográficas y notas al pie de las páginas.
504 _aBibliografía : p. 229-230
505 0 _aPrefacio--
_tQué es el pentagonismo
_tEl nacimiento del pentagonismo --
_tExpansión del pentagonismo --
_tLa sociedad pentagonizada --
_tPolítica y pentagonismo --
_tDoctrina y moral del pensamiento --
_tEl pentagonismo y América Latina --
_tEl pentagonismo hacia el poder total --
_tApéndice al prefacio --
_tApéndice I --
_tApéndice II --
_tApéndice III --
_tJuan Bosch un caribeño universal /
_rDiómedes Núñez Polanco --
_tEdiciones de El Pentagonismo --
_tBibliografía de Juan Bosch.
590 _aInventariado, 2018/ YL
650 0 _aImperialismo
_91499
651 4 _aEstados Unidos
_xPolítica militar
_91496
651 4 _aEstados Unidos
_xSeguridad nacional
_91497
651 4 _aEstados Unidos
_xRelaciones exteriores
_91498
700 1 _aFernández, Leonel,
_d1953-
_97291
700 1 _aCebrián, Juan Luis,
_d1944-
_eprólogo
_923717
910 _aValidado. Control de calidad MMOLINA
942 _2ddc
_cLBS1
999 _c27695
_d27695